00996cam a22002657a 450000100100000000500170001000800410002702000150006804000230008304100380010608200190014410000350016324501310019826000300032930000240035950000180038365000290040165000200043070000410045070000350049170000330052691000340055995201220059399900150071500000169020200929145650.0980520s2003 ck a 000 0 spa  a9580477604 aDO-SdBNPcDLCdDLC17aenghspa2Código de diomas MARC a658.403bH225d1 aHammond, John S.,d1937-9549310aDecisiones inteligentes :bguía práctica para tomar mejores decisiones /cJohn S. Hammond, Ralph L. Keeney, Howard Raiffa. aBogotá :bNorma,c2003. ax, 293 p. ;c18 cm. aSmart choices 4aToma de decisiones95494 4aMarketing954951 aJorge Cárdenas Nannettietr.954961 aKeeney, Ralph L.,d1944-954971 aRaiffa, Howard,d1924-95498 aCatalogación por copia / LC 001052708MOaGRbGRcCTd2009-09-19iLF1l0o658.403 H225dp1690-10r2020-06-25w2020-06-25y2ZPréstamo interno c1571d1571